Lèxic de fàrmacs (Registre núm. 64889)

MARC details
000 -LEADER
campo de control de longitud fija 01149aam a2200421a 44500
008 - DATOS DE LONGITUD FIJA--INFORMACIÓN GENERAL
campo de control de longitud fija 080506s2008 cat
017 ## - NÚMERO DE COPYRIGHT O DE DEPÓSITO LEGAL
Número de copyright o de depósito legal B-21888-2008
020 ## - NÚMERO INTERNACIONAL ESTÁNDAR DEL LIBRO
Número Internacional Estándar del Libro 9788493306410
041 ## - CÓDIGO DE IDIOMA
Código de lengua del texto/banda sonora o título independiente cat
041 ## - CÓDIGO DE IDIOMA
Llengües tractades eng
041 ## - CÓDIGO DE IDIOMA
Llengües tractades fre
041 ## - CÓDIGO DE IDIOMA
Llengües tractades spa
080 ## - NÚMERO DE LA CLASIFICACIÓN DECIMAL UNIVERSAL
Número de la Clasificación Decimal Universal 615.12(038)
110 ## - ENTRADA PRINCIPAL--NOMBRE DE ENTIDAD CORPORATIVA
Nombre de entidad corporativa o nombre de jurisdicción como elemento de entrada Col·legi de Farmacèutics de Barcelona
9 (RLIN) 60866
245 ## - MENCIÓN DEL TÍTULO
Título Lèxic de fàrmacs
245 ## - MENCIÓN DEL TÍTULO
Mención de responsabilidad, etc. Col·legi de Farmacèutics de Barcelona
245 ## - MENCIÓN DEL TÍTULO
Mención de responsabilidad, etc. TERMCAT, Centre de Terminologia.
260 ## - PUBLICACIÓN, DISTRIBUCIÓN, ETC.
Lugar de publicación, distribución, etc. Barcelona
260 ## - PUBLICACIÓN, DISTRIBUCIÓN, ETC.
Nombre del editor, distribuidor, etc. Col·legi de Farmacèutics de Barcelona
260 ## - PUBLICACIÓN, DISTRIBUCIÓN, ETC.
Fecha de publicación, distribución, etc. 2008
300 ## - DESCRIPCIÓN FÍSICA
Extensión 319 p.
Dimensiones 30 cm
500 ## - NOTA GENERAL
Nota general Bibliografia
500 ## - NOTA GENERAL
Nota general Categoria gramatical, número CAS, acció terapèutica
500 ## - NOTA GENERAL
Publicació TERMCAT termcat
520 ## - RESUMEN, ETC.
Nombre de termes 2.794
591 ## - Codi de font
Codi de font FARMACS
592 ## - Tipus obra
Tipus d'obra Obra terminològica
593 ## - Codi CGAT
Codi de la CGAT EQ
594 ## - Número de document
Número de document 9843
650 ## - PUNTO DE ACCESO ADICIONAL DE MATERIA--TÉRMINO DE MATERIA
Término de materia o nombre geográfico como elemento de entrada fàrmacs
9 (RLIN) 60867
650 #0 - PUNTO DE ACCESO ADICIONAL DE MATERIA--TÉRMINO DE MATERIA
Término de materia o nombre geográfico como elemento de entrada farmacologia
9 (RLIN) 61777
710 ## - ENTRADA AGREGADA--NOMBRE DE ENTIDAD CORPORATIVA
Nombre de entidad corporativa o nombre de jurisdicción como elemento de entrada TERMCAT
9 (RLIN) 60609
901 ## - ELEMENTOS DE DATOS A LOCAL LDA (RLIN)
c <2008>
902 ## - ELEMENTOS DE DATOS B LOCAL, LDB (RLIN)
a 080506
942 ## - ELEMENTOS DE ENTRADA SECUNDARIOS (KOHA)
Tipo de ítem Koha Monografia
Fuente del sistema de clasificación o colocación Clasificación Decimal Dewey
Suprimir en OPAC No
Fons
Estatus retirado Estado de pérdida Estado de daño No para préstamo Biblioteca de origen Biblioteca actual Fecha de adquisición Total de préstamos Signatura topográfica completa Código de barras Visto por última vez Precio de reemplazo Tipo de ítem Koha
        TERMCAT TERMCAT 06/05/2008   EQ 18 | EQ 22 ARS | EQ 21 DIR | EQ 20 AGTI | Expositor 13964 30/09/2021 30/09/2021 MO